[Event "4NCL/Div2c/KHE vs. CHED"]
[Site "Staverton Park ENG"]
[Date "2010.03.28"]
[Round "8.3"]
[White "Kwiatkowski, Feliks J"]
[Black "Eggleston, David J"]
[Result "1/2-1/2"]
[WhiteElo "2242"]
[BlackElo "2357"]
[PlyCount "81"]
[EventDate "2010.03.28"]
[SourceDate "2009.10.24"]

1. e4 c5 2. Nf3 d6 3. d4 cxd4 4. Nxd4 Nf6 5. Nc3 a6 6. Be2 e5 7. Nb3 Be7 8. O-O
O-O 9. Be3 Be6 10. Qd2 Nc6 11. a4 d5 12. exd5 Nxd5 13. Nxd5 Bxd5 14. Rfd1 Be6
15. Nc5 Bxc5 16. Bxc5 Re8 17. Qxd8 Raxd8 18. Bb6 Rc8 19. Rd2 Nb4 20. Bf3 Rxc2
21. Rxc2 Nxc2 22. Rd1 Bc8 23. Be4 Nd4 24. Bxd4 Rd8 25. Kf1 exd4 26. Ke2 f5 27.
Bf3 b6 28. Rc1 Bd7 29. Bc6 Be6 30. Bb7 b5 31. Bxa6 bxa4 32. Bc4 Bxc4+ 33. Rxc4
d3+ 34. Kd2 Rb8 35. Rxa4 Rxb2+ 36. Ke1 Rb1+ 37. Kd2 Rh1 38. Rh4 Rg1 39. g3 Rg2
40. Rf4 g6 41. h4 1/2-1/2

[Event "4NCL/Div2c/KHE vs. CHED"]
[Site "Staverton Park ENG"]
[Date "2010.03.28"]
[Round "8.4"]
[White "Bellin, Robert"]
[Black "Wittmann, Jochen"]
[Result "1/2-1/2"]
[WhiteElo "2373"]
[BlackElo "2266"]
[PlyCount "46"]
[EventDate "2010.03.28"]
[SourceDate "2009.10.24"]

1. d4 f5 2. Nc3 Nf6 3. Bg5 d5 4. Bxf6 exf6 5. e3 Be6 6. Qf3 Qd7 7. Bb5 c6 8.
Bd3 g6 9. Nge2 Bd6 10. h3 b5 11. Nf4 a5 12. a4 b4 13. Nce2 Ra7 14. Nc1 O-O 15.
Nb3 Qf7 16. O-O-O Bc8 17. g4 fxg4 18. hxg4 Nd7 19. Qh3 Bxf4 20. exf4 Nb6 21.
Nc5 f5 22. g5 Nd7 23. Nb3 Nb6 1/2-1/2

[Event "4NCL/Div2c/KHE vs. CHED"]
[Site "Staverton Park ENG"]
[Date "2010.03.28"]
[Round "8.5"]
[White "Thomas, Rik H"]
[Black "Wallace, Paul A"]
[Result "1/2-1/2"]
[WhiteElo "2220"]
[BlackElo "2234"]
[PlyCount "69"]
[EventDate "2010.03.28"]
[SourceDate "2009.10.24"]

1. Nf3 g6 2. g3 Bg7 3. c4 e5 4. Nc3 d6 5. Bg2 Nf6 6. d3 O-O 7. O-O c5 8. Bd2
Nc6 9. a3 Re8 10. Rb1 a5 11. Bg5 h6 12. Bxf6 Bxf6 13. Nd5 Be6 14. Nxf6+ Qxf6
15. Nd2 Qe7 16. Ne4 Kg7 17. Nc3 Qd7 18. Re1 Rab8 19. e3 Bh3 20. Bh1 Bg4 21. Qc2
h5 22. Nd5 Be6 23. Qc3 b5 24. f4 b4 25. Qd2 Ne7 26. axb4 axb4 27. fxe5 dxe5 28.
e4 Nc6 29. Qf2 Bxd5 30. cxd5 Nd4 31. Ra1 Ra8 32. Rf1 Qe7 33. Bg2 f6 34. Bh3 Nb3
35. Rxa8 1/2-1/2

[Event "4NCL/Div2c/KHE vs. CHED"]
[Site "Staverton Park ENG"]
[Date "2010.03.28"]
[Round "8.6"]
[White "Bennett, Patrick J"]
[Black "Mackenzie, Colin"]
[Result "1/2-1/2"]
[WhiteElo "2093"]
[BlackElo "2120"]
[PlyCount "106"]
[EventDate "2010.03.28"]
[SourceDate "2009.10.24"]

1. Nf3 e6 2. g3 Nf6 3. Bg2 Be7 4. d3 d5 5. O-O c5 6. Nbd2 Nc6 7. Re1 Qc7 8. e4
b6 9. e5 Nd7 10. Qe2 Bb7 11. h4 h6 12. Nf1 O-O-O 13. a3 Rdg8 14. N1h2 Kb8 15.
Bd2 d4 16. Ng4 h5 17. Ngh2 Nd8 18. Bf4 Nf8 19. Bd2 Nh7 20. Qf1 g5 21. hxg5 Nxg5
22. Nxg5 Bxg5 23. Bxg5 Rxg5 24. Bxb7 Qxb7 25. Qg2 Nc6 26. f4 Rg7 27. Kf2 Rhg8
28. Rg1 h4 29. g4 Qd7 30. g5 Ne7 31. Ng4 Qd5 32. Qxd5 Nxd5 33. Nf6 Nxf4 34. Rg4
Rxg5 35. Rxf4 Rg2+ 36. Ke1 R8g3 37. Ne4 Re3+ 38. Kf1 h3 39. Rf2 Rg7 40. Re1
Rxe1+ 41. Kxe1 Rg1+ 42. Ke2 Rc1 43. Kf3 Re1 44. Kg3 Re3+ 45. Kh2 c4 46. Rxf7
cxd3 47. cxd3 Rxd3 48. Nd6 Rd2+ 49. Kxh3 Rxb2 50. Rb7+ Ka8 51. Re7 Kb8 52. Rb7+
Ka8 53. Re7 Kb8 1/2-1/2

[Event "4NCL/Div2c/KHE vs. CHED"]
[Site "Staverton Park ENG"]
[Date "2010.03.28"]
[Round "8.7"]
[White "Ward, Julian T"]
[Black "Edwards, Simon R"]
[Result "1-0"]
[WhiteElo "2132"]
[BlackElo "2043"]
[PlyCount "83"]
[EventDate "2010.03.28"]
[SourceDate "2009.10.24"]

1. Nf3 b6 2. e4 Bb7 3. Qe2 c5 4. g3 d5 5. e5 Nc6 6. Bg2 e6 7. O-O Nge7 8. d3
Ng6 9. Re1 Be7 10. Nbd2 O-O 11. h4 Re8 12. h5 Nf8 13. Nf1 h6 14. N1h2 Nh7 15.
Ng4 Ng5 16. Nxg5 Bxg5 17. f4 Nd4 18. Qf2 Be7 19. Ne3 Rb8 20. c3 Nc6 21. Ng4 d4
22. c4 Nb4 23. Qe2 Bxg2 24. Kxg2 f5 25. exf6 Bxf6 26. a3 Nc6 27. Qe4 Na5 28. b4
Nb3 29. Rb1 Nxc1 30. Rexc1 Qe7 31. Qg6 Kf8 32. Re1 Qf7 33. Qxf7+ Kxf7 34. Ne5+
Bxe5 35. Rxe5 cxb4 36. axb4 Rbc8 37. Kf3 Red8 38. Ke4 Rc6 39. Ra1 Rd7 40. g4 g6
41. Rh1 Rcd6 42. hxg6+ 1-0

[Event "4NCL/Div2c/KHE vs. CHED"]
[Site "Staverton Park ENG"]
[Date "2010.03.28"]
[Round "8.8"]
[White "Whitfield, Craig M"]
[Black "Haria, Ravi"]
[Result "1-0"]
[WhiteElo "1979"]
[BlackElo "1863"]
[PlyCount "61"]
[EventDate "2010.03.28"]
[SourceDate "2009.10.24"]

1. d4 Nf6 2. Nf3 g6 3. e3 Bg7 4. b3 O-O 5. Bb2 d5 6. Bd3 b6 7. O-O Ba6 8. c4
Nbd7 9. Ne5 Nxe5 10. dxe5 Nd7 11. cxd5 Bxd3 12. Qxd3 Nxe5 13. Qd2 Qd7 14. h3
Qf5 15. Nc3 Rfd8 16. e4 Qxh3 17. Nb5 Qd7 18. f4 Nf3+ 19. Rxf3 Bxb2 20. Qxb2
Qxb5 21. Rc1 Rd7 22. f5 f6 23. fxg6 hxg6 24. Rg3 Kg7 25. Rc4 Qa5 26. Qe2 b5 27.
b4 Qa4 28. Qh5 g5 29. Rh3 e6 30. Qh7+ Kf8 31. Qxd7 1-0

[Event "4NCL/Div2d/FCA1 vs. WRO2"]
[Site "Staverton Park ENG"]
[Date "2010.03.28"]
[Round "8.1"]
[White "Kenworthy, Gary"]
[Black "Chakravorty, Prasun"]
[Result "1-0"]
[WhiteElo "2293"]
[BlackElo "2242"]
[PlyCount "57"]
[EventDate "2010.03.28"]
[SourceDate "2009.10.24"]

1. e4 d5 2. exd5 Qxd5 3. Nc3 Qa5 4. Nf3 Nf6 5. Bc4 c6 6. Qe2 Bf5 7. Ne5 e6 8.
g4 Bg6 9. h4 Bd6 10. f4 Nd5 11. Bxd5 cxd5 12. f5 O-O 13. fxg6 d4 14. gxh7+ Kh8
15. Nc4 Bg3+ 16. Kd1 Qd8 17. Ne4 Bc7 18. d3 b5 19. Ncd2 Nc6 20. a4 b4 21. g5
Qd5 22. Rf1 Ne7 23. Nc4 Qc6 24. Bd2 Nd5 25. a5 Rae8 26. b3 f5 27. gxf6 gxf6 28.
Ra4 f5 29. Ng5 1-0

[Event "4NCL/Div2d/FCA1 vs. WRO2"]
[Site "Staverton Park ENG"]
[Date "2010.03.28"]
[Round "8.2"]
[White "Adams, David M"]
[Black "Macdonald-Ross, Michael"]
[Result "1-0"]
[WhiteElo "2217"]
[BlackElo "2172"]
[PlyCount "85"]
[EventDate "2010.03.28"]
[SourceDate "2009.10.24"]

1. e4 d6 2. d4 Nf6 3. Nc3 c6 4. h3 e5 5. Nf3 Qc7 6. Be3 Be7 7. a4 O-O 8. Be2
Re8 9. O-O Nbd7 10. Re1 Bf8 11. Bc4 h6 12. Ba2 b6 13. Nh4 Qd8 14. Ng6 Bb7 15.
dxe5 dxe5 16. Nxf8 Nxf8 17. Qf3 Qe7 18. Ne2 Ng6 19. g3 Bc8 20. Kh2 Be6 21. Bxe6
Qxe6 22. Nc3 h5 23. Bg5 Nf8 24. Bxf6 Qxf6 25. Qxf6 gxf6 26. a5 b5 27. Rad1 Rad8
28. Rxd8 Rxd8 29. Rd1 Rd4 30. Rxd4 exd4 31. Ne2 c5 32. Nf4 c4 33. Nxh5 Nd7 34.
Kg2 b4 35. Kf1 d3 36. c3 bxc3 37. bxc3 Kf8 38. Ke1 Ke7 39. Nf4 Kd6 40. h4 Ke5
41. f3 f5 42. exf5 Kxf5 43. Nd5 1-0

[Event "4NCL/Div2d/FCA1 vs. WRO2"]
[Site "Staverton Park ENG"]
[Date "2010.03.28"]
[Round "8.3"]
[White "Almond, Richard J"]
[Black "Shaw, Peter"]
[Result "1-0"]
[WhiteElo "2151"]
[BlackElo "2156"]
[PlyCount "81"]
[EventDate "2010.03.28"]
[SourceDate "2009.10.24"]

1. d4 d5 2. c4 c6 3. Nf3 Nf6 4. Nc3 a6 5. c5 Nbd7 6. Bf4 Nh5 7. e3 g6 8. Be2
Bg7 9. O-O O-O 10. b4 Nxf4 11. exf4 f6 12. Re1 e5 13. dxe5 fxe5 14. Nxd5 cxd5
15. Qxd5+ Kh8 16. Ng5 Qf6 17. Bc4 exf4 18. Rad1 Ne5 19. Rxe5 Bf5 20. Rxf5 Qxf5
21. Qxf5 Rxf5 22. Nf7+ Rxf7 23. Bxf7 Bc3 24. a3 Bb2 25. Rd7 Rb8 26. Bd5 Bxa3
27. Bxb7 Bxb4 28. c6 Re8 29. Bxa6 Re1+ 30. Bf1 Ba5 31. Ra7 Bb6 32. Rb7 Ba5 33.
c7 Bxc7 34. Rxc7 g5 35. f3 Ra1 36. Kf2 Ra2+ 37. Be2 h6 38. h4 gxh4 39. Rc4 Kg7
40. Rxf4 Rb2 41. Rxh4 1-0

[Event "4NCL/Div2d/FCA1 vs. WRO2"]
[Site "Staverton Park ENG"]
[Date "2010.03.28"]
[Round "8.4"]
[White "Arnott, Jonathan W"]
[Black "Brown, Alan M"]
[Result "1/2-1/2"]
[WhiteElo "2154"]
[BlackElo "2118"]
[PlyCount "42"]
[EventDate "2010.03.28"]
[SourceDate "2009.10.24"]

1. e4 e6 2. d4 d5 3. Nd2 Nf6 4. e5 Nfd7 5. Bd3 b6 6. Ngf3 Ba6 7. Bxa6 Nxa6 8.
O-O c5 9. Qe2 Nb4 10. c4 Be7 11. cxd5 Nxd5 12. dxc5 Nxc5 13. Ne4 Nxe4 14. Qxe4
O-O 15. Qg4 Kh8 16. Rd1 Qc7 17. Bg5 Bxg5 18. Qxg5 Rac8 19. Rac1 Qe7 20. Rxc8
Rxc8 21. Rc1 Rxc1+ 1/2-1/2

[Event "4NCL/Div2d/FCA1 vs. WRO2"]
[Site "Staverton Park ENG"]
[Date "2010.03.28"]
[Round "8.5"]
[White "Smith, Graham M"]
[Black "O'Driscoll, Keiran"]
[Result "0-1"]
[WhiteElo "2106"]
[BlackElo "2062"]
[PlyCount "40"]
[EventDate "2010.03.28"]
[SourceDate "2009.10.24"]

1. e4 d5 2. exd5 Nf6 3. Nf3 Nxd5 4. d4 g6 5. c4 Nb6 6. Nc3 Bg7 7. c5 Nd5 8. Qb3
Nxc3 9. bxc3 O-O 10. Bf4 Nc6 11. d5 Na5 12. Qb4 c6 13. d6 exd6 14. Bxd6 Re8+
15. Kd2 b6 16. Nd4 bxc5 17. Bxc5 Bf5 18. Bd3 Rb8 19. Qa3 Qg5+ 20. Kc2 Bxd4 0-1

[Event "4NCL/Div2d/FCA1 vs. WRO2"]
[Site "Staverton Park ENG"]
[Date "2010.03.28"]
[Round "8.6"]
[White "Weller, Jean-Luc"]
[Black "Habershon, Paul F"]
[Result "1/2-1/2"]
[WhiteElo "2122"]
[BlackElo "2089"]
[PlyCount "89"]
[EventDate "2010.03.28"]
[SourceDate "2009.10.24"]

1. d4 Nf6 2. Bg5 Ne4 3. Bf4 d5 4. e3 e6 5. Bd3 Nd7 6. Bxe4 dxe4 7. Ne2 Bd6 8.
Nd2 f5 9. c4 O-O 10. Qb3 Nf6 11. f3 exf3 12. gxf3 Kh8 13. O-O-O a5 14. Bg5 a4
15. Qc2 h6 16. Bh4 Qe8 17. Rdg1 c5 18. Bg3 Qc6 19. Be5 Bd7 20. Nf4 Rf7 21. Rg6
Bxe5 22. dxe5 Ng8 23. Nh5 Ne7 24. Rg3 b5 25. Rhg1 Rg8 26. cxb5 Qxb5 27. Nc4 Nc8
28. Qc3 Qb4 29. Qc2 Bb5 30. Nd6 Nxd6 31. exd6 a3 32. Nf4 axb2+ 33. Qxb2 Qc4+
34. Kb1 Qb4 35. Qxb4 cxb4 36. Nxe6 Bc4 37. Nxg7 Rd7 38. Nh5 Rxg3 39. Nxg3 Rxd6
40. Rg2 Re6 41. Kb2 Rxe3 42. Nxf5 Ra3 43. Kc1 Bxa2 44. Nxh6 Bd5 45. Rb2 1/2-1/2

[Event "4NCL/Div2d/FCA1 vs. WRO2"]
[Site "Staverton Park ENG"]
[Date "2010.03.28"]
[Round "8.7"]
[White "Kendall, Paul SN"]
[Black "Webb, Matthew D"]
[Result "1/2-1/2"]
[WhiteElo "2085"]
[BlackElo "1999"]
[PlyCount "41"]
[EventDate "2010.03.28"]
[SourceDate "2009.10.24"]

1. e4 g6 2. d4 Bg7 3. Nc3 d6 4. f4 a6 5. Nf3 b5 6. Bd3 Nd7 7. O-O Bb7 8. a4 b4
9. Ne2 Ngf6 10. Ng3 c5 11. e5 Nd5 12. exd6 e6 13. f5 gxf5 14. Qe2 f4 15. Nh5
Bf8 16. Nxf4 Bxd6 17. Nxd5 Bxd5 18. Be4 Nf6 19. Bxd5 Nxd5 20. Ne5 Qh4 21. Nf3
1/2-1/2

[Event "4NCL/Div2d/FCA1 vs. WRO2"]
[Site "Staverton Park ENG"]
[Date "2010.03.28"]
[Round "8.8"]
[White "Flint, Martina"]
[Black "Shields, Callum T"]
[Result "1-0"]
[WhiteElo "1770"]
[BlackElo "1530"]
[PlyCount "83"]
[EventDate "2010.03.28"]
[SourceDate "2009.10.24"]

1. f4 d6 2. g3 Nf6 3. Nf3 h6 4. Bg2 g6 5. O-O Bg7 6. c3 c5 7. d3 O-O 8. e4 Nfd7
9. g4 Nc6 10. Na3 a6 11. h3 Re8 12. f5 g5 13. Qe1 b5 14. h4 f6 15. Nc2 Nde5 16.
Nxe5 Nxe5 17. Qe2 e6 18. d4 cxd4 19. cxd4 Nc4 20. b3 Nb6 21. Nb4 Qd7 22. Bb2 e5
23. h5 Bb7 24. Rfc1 Rec8 25. d5 Rxc1+ 26. Rxc1 Rc8 27. Bf1 Rxc1 28. Bxc1 Qc7
29. Be3 Kf7 30. Nc6 Nc8 31. Nb4 Qc3 32. Qd2 Qxd2 33. Bxd2 Bf8 34. a4 a5 35. Nc6
Bxc6 36. dxc6 b4 37. Ba6 Nb6 38. c7 Be7 39. Be3 Nd7 40. c8=Q Nc5 41. Bc4+ Kg7
42. Qg8# 1-0

[Event "4NCL/Div2d/GUI3 vs. BRJ"]
[Site "Staverton Park ENG"]
[Date "2010.03.28"]
[Round "8.1"]
[White "Bryant, Richard BE"]
[Black "Richmond, Peter A"]
[Result "0-1"]
[WhiteElo "1945"]
[BlackElo "2247"]
[PlyCount "58"]
[EventDate "2010.03.28"]
[SourceDate "2009.10.24"]

1. e4 e5 2. Nf3 d6 3. d4 exd4 4. Nxd4 g6 5. Bd3 Bg7 6. c3 Nc6 7. Nxc6 bxc6 8.
O-O Qh4 9. Qf3 Ne7 10. Qg3 Qxg3 11. hxg3 Rb8 12. Nd2 O-O 13. Nb3 c5 14. Na5 Re8
15. Re1 Bd7 16. Re2 Nc6 17. Nc4 f5 18. Bf4 fxe4 19. Bxe4 Ne7 20. Ne3 Kf8 21.
Rae1 Be6 22. Bf3 h6 23. Ng4 Bc4 24. Rd2 g5 25. Be3 Nf5 26. Bc6 Re7 27. Rc1 h5
28. Bxg5 hxg4 29. Bxe7+ Nxe7 0-1

[Event "4NCL/Div2d/GUI3 vs. BRJ"]
[Site "Staverton Park ENG"]
[Date "2010.03.28"]
[Round "8.2"]
[White "Padilla Cabero, Pablo"]
[Black "Shepherd, David"]
[Result "1/2-1/2"]
[WhiteElo "2142"]
[BlackElo "1922"]
[PlyCount "86"]
[EventDate "2010.03.28"]
[SourceDate "2009.10.24"]

1. e4 e6 2. d4 d5 3. e5 c5 4. c3 Nc6 5. Ne2 Qb6 6. g3 cxd4 7. cxd4 Nge7 8. Bh3
Nf5 9. Bxf5 exf5 10. O-O Be6 11. Nbc3 Be7 12. h4 O-O 13. a3 Na5 14. b4 Nc4 15.
Bg5 Qd8 16. Nf4 Bxg5 17. hxg5 Qxg5 18. Kg2 Rac8 19. Qd3 a6 20. Rh1 Nb2 21. Qf3
Qg4 22. Ncxd5 Qxf3+ 23. Kxf3 Rfe8 24. Rac1 Nc4 25. a4 Bd7 26. g4 fxg4+ 27. Kg3
Bf5 28. Rh5 Bg6 29. Rg5 Kf8 30. Nxg6+ fxg6 31. Rxg4 Kg8 32. a5 Nb6 33. Nc7 Nd5
34. Nxe8 Rxc1 35. Nd6 Nxb4 36. Nxb7 Rg1+ 37. Kh3 Rxg4 38. Kxg4 Nc6 39. Nc5 Nxd4
40. Nxa6 Nc6 41. f4 Kf7 42. Nc5 Nxa5 43. Ne4 h6 1/2-1/2

[Event "4NCL/Div2d/GUI3 vs. BRJ"]
[Site "Staverton Park ENG"]
[Date "2010.03.28"]
[Round "8.3"]
[White "Deswarte, Ian"]
[Black "Girdlestone, Paul C"]
[Result "0-1"]
[WhiteElo "1900"]
[BlackElo "2135"]
[PlyCount "98"]
[EventDate "2010.03.28"]
[SourceDate "2009.10.24"]

1. e4 e5 2. Nf3 Nc6 3. Bb5 a6 4. Ba4 d6 5. c3 Nf6 6. Qe2 Bd7 7. O-O Be7 8. d3
O-O 9. Rd1 Re8 10. Nbd2 Bf8 11. Bb3 Be6 12. Bxe6 Rxe6 13. Nf1 Qd7 14. Ng3 g6
15. h3 Rd8 16. Be3 d5 17. Ng5 Ree8 18. f4 exf4 19. Bxf4 Qe7 20. Qf2 h6 21. Rf1
Bg7 22. e5 Nxe5 23. Rae1 Nfd7 24. Nf3 Nxf3+ 25. Qxf3 Qxe1 26. Rxe1 Rxe1+ 27.
Kf2 Ne5 28. Bxe5 Rxe5 29. Qf4 Rd6 30. Kg1 h5 31. Kh2 Re1 32. h4 d4 33. Ne4 Re6
34. g3 f5 35. Qd2 Re3 36. cxd4 Bxd4 37. Qb4 fxe4 38. Qxd4 exd3 39. Qd8+ Re8 40.
Qd5+ Kg7 41. Qd7+ R8e7 42. Qd4+ Kh7 43. Kh3 a5 44. a3 a4 45. Qd5 b6 46. Qd4 c5
47. Qd5 c4 48. Qd4 Rf3 49. Qd5 Rff7 0-1

[Event "4NCL/Div2d/GUI3 vs. BRJ"]
[Site "Staverton Park ENG"]
[Date "2010.03.28"]
[Round "8.4"]
[White "Hall, Daniel J"]
[Black "Shaw, Matthew H"]
[Result "1-0"]
[WhiteElo "2138"]
[BlackElo "1956"]
[PlyCount "61"]
[EventDate "2010.03.28"]
[SourceDate "2009.10.24"]

1. e4 e6 2. d4 d5 3. Nc3 Nf6 4. Bg5 Be7 5. e5 Nfd7 6. Bxe7 Qxe7 7. f4 O-O 8.
Nf3 c5 9. Qd2 Nc6 10. O-O-O f6 11. exf6 Qxf6 12. g3 c4 13. Bh3 h6 14. Rde1 Nb6
15. Rhf1 Bd7 16. Ne5 Nxe5 17. Rxe5 Rae8 18. g4 Na4 19. g5 Qg6 20. Nxd5 exd5 21.
Bxd7 Rxe5 22. dxe5 Nb6 23. f5 Qxg5 24. Be6+ Kh7 25. Qxg5 hxg5 26. Rf3 g4 27.
Rf4 Kh6 28. Rxg4 g5 29. fxg6 c3 30. Bf7 Kh5 31. Rg1 1-0

[Event "4NCL/Div2d/GUI3 vs. BRJ"]
[Site "Staverton Park ENG"]
[Date "2010.03.28"]
[Round "8.5"]
[White "Quinn, Joseph R"]
[Black "Headlong, Timothy"]
[Result "1/2-1/2"]
[WhiteElo "1803"]
[BlackElo "2188"]
[PlyCount "38"]
[EventDate "2010.03.28"]
[SourceDate "2009.10.24"]

1. e4 c5 2. Nf3 Nc6 3. d4 cxd4 4. Nxd4 g6 5. Nc3 Bg7 6. Be3 Nf6 7. Be2 O-O 8.
O-O d5 9. exd5 Nxd5 10. Nxd5 Qxd5 11. Bf3 Qa5 12. Nxc6 bxc6 13. c3 Rb8 14. b4
Qc7 15. Qa4 Bxc3 16. Rac1 Bxb4 17. Bxa7 Ra8 18. Qxb4 Qxa7 19. Rxc6 Qxa2 1/2-1/2

[Event "4NCL/Div2d/GUI3 vs. BRJ"]
[Site "Staverton Park ENG"]
[Date "2010.03.28"]
[Round "8.6"]
[White "Hackett, Dave G"]
[Black "Waldock, Adrian DP"]
[Result "1/2-1/2"]
[WhiteElo "2140"]
[BlackElo "1850"]
[PlyCount "35"]
[EventDate "2010.03.28"]
[SourceDate "2009.10.24"]

1. e4 c5 2. Nc3 Nc6 3. g3 g6 4. Bg2 Bg7 5. d3 d6 6. f4 e6 7. Nf3 Nge7 8. O-O
O-O 9. Be3 f5 10. Rb1 Rb8 11. a4 b6 12. Bf2 a6 13. h3 d5 14. exf5 exf5 15. Qd2
d4 16. Nd1 Nd5 17. Re1 Qd6 18. Kh1 1/2-1/2

[Event "4NCL/Div2d/GUI3 vs. BRJ"]
[Site "Staverton Park ENG"]
[Date "2010.03.28"]
[Round "8.7"]
[White "Gibbs, Daniel C"]
[Black "Richmond, Jane"]
[Result "1/2-1/2"]
[WhiteElo "1858"]
[BlackElo "2118"]
[PlyCount "22"]
[EventDate "2010.03.28"]
[SourceDate "2009.10.24"]

1. d4 e6 2. c4 Nf6 3. Nc3 Bb4 4. Nf3 c5 5. e3 O-O 6. Bd3 d6 7. O-O Bxc3 8. bxc3
Nc6 9. Nd2 e5 10. d5 Ne7 11. e4 Ng6 1/2-1/2

[Event "4NCL/Div2d/GUI3 vs. BRJ"]
[Site "Staverton Park ENG"]
[Date "2010.03.28"]
[Round "8.8"]
[White "Hall, Joshua DW"]
[Black "Taylor, Adam A"]
[Result "0-1"]
[WhiteElo "1939"]
[BlackElo "1850"]
[PlyCount "88"]
[EventDate "2010.03.28"]
[SourceDate "2009.10.24"]

1. e4 c5 2. Nf3 Nc6 3. d4 cxd4 4. Nxd4 Nf6 5. Nc3 e5 6. Ndb5 d6 7. Na3 Be6 8.
Bc4 Be7 9. h3 O-O 10. Bg5 Rc8 11. Bb3 Nd4 12. Bxf6 Bxf6 13. Nd5 Bg5 14. h4 Bh6
15. c3 Nxb3 16. Qxb3 b6 17. Rd1 Kh8 18. Nb5 Qd7 19. Qb4 Rc5 20. Nbc7 Rxc7 21.
Nxc7 Qxc7 22. Rxd6 Rd8 23. Rxd8+ Qxd8 24. O-O g6 25. Qa4 a5 26. Rd1 Qxh4 27.
Qe8+ Kg7 28. g3 Qxe4 29. Rd8 Kf6 30. Rd6 Qe1+ 31. Kg2 e4 32. Qh8+ Kf5 33. Rd4
Qe2 34. Kg1 Qxb2 35. g4+ Kxg4 36. Qe5 Bf5 37. Qg3+ Kh5 38. Rd1 Qe2 39. Qh2+ Kg5
40. f4+ exf3 41. Qg3+ Kh5 42. Re1 Be3+ 43. Kh1 Qf2 44. Qe5 Qg2# 0-1

[Event "4NCL/Div2d/BRI1 vs. WES1"]
[Site "Staverton Park ENG"]
[Date "2010.03.28"]
[Round "8.1"]
[White "Beaumont, Chris R"]
[Black "Kawuma, Steven Male"]
[Result "1/2-1/2"]
[WhiteElo "2306"]
[BlackElo "2202"]
[PlyCount "108"]
[EventDate "2010.03.28"]
[SourceDate "2009.10.24"]

1. Nf3 Nf6 2. c4 d6 3. d4 g6 4. Nc3 Bg7 5. e4 O-O 6. Be2 Na6 7. Be3 Ng4 8. Bg5
h6 9. Bh4 c6 10. O-O Re8 11. Nd2 Nf6 12. f4 Nh7 13. Nf3 Nc7 14. Qd2 d5 15. cxd5
cxd5 16. e5 Bg4 17. Rfc1 Qd7 18. a4 Rec8 19. h3 Bf5 20. Ne1 h5 21. Nd3 Ne6 22.
Nb4 Nc7 23. Bf3 Be6 24. Bf2 a5 25. Nd3 b6 26. b4 Nf8 27. Rab1 Bf5 28. bxa5 bxa5
29. Nc5 Qc6 30. Rb3 Rab8 31. Qb2 Rxb3 32. Qxb3 Be6 33. Qb7 Qxb7 34. Nxb7 Bh6
35. Ne2 Bd7 36. Nxa5 Nfe6 37. g3 Kf8 38. Nb7 Ra8 39. a5 Ra7 40. Nc5 Bb5 41.
Nxe6+ Nxe6 42. Rc8+ Kg7 43. Nc3 Bd7 44. Rb8 Rxa5 45. Bxd5 h4 46. Rb7 Rxd5 47.
Nxd5 Bc6 48. Rxe7 Bxd5 49. Rd7 hxg3 50. Bxg3 Bxf4 51. Bf2 Bc6 52. Rd6 Be4 53.
Rd7 Bc6 54. Rd6 Be4 1/2-1/2

[Event "4NCL/Div2d/BRI1 vs. WES1"]
[Site "Staverton Park ENG"]
[Date "2010.03.28"]
[Round "8.2"]
[White "Yeo, Michael J"]
[Black "Buckley, David E"]
[Result "0-1"]
[WhiteElo "2152"]
[BlackElo "2274"]
[PlyCount "70"]
[EventDate "2010.03.28"]
[SourceDate "2009.10.24"]

1. e4 Nf6 2. e5 Nd5 3. d4 d6 4. c4 Nb6 5. f4 dxe5 6. fxe5 Nc6 7. Be3 Bf5 8. Nc3
e6 9. Be2 Be7 10. Nf3 O-O 11. O-O f6 12. Qe1 fxe5 13. dxe5 Bg4 14. Qg3 Bxf3 15.
Bxf3 Nxc4 16. Bg4 N4xe5 17. Bxe6+ Kh8 18. Rad1 Rxf1+ 19. Rxf1 Qd6 20. Bd5 Rf8
21. Rd1 Qf6 22. Bxc6 bxc6 23. Bxa7 c5 24. Nd5 Qd6 25. Nc3 Qf6 26. Nd5 Qd6 27.
Nc3 Qe6 28. Re1 Bd6 29. Qe3 Qf5 30. Ne4 Ng4 31. Nxd6 cxd6 32. Qe2 Qf4 33. g3
Qd4+ 34. Kh1 Nf2+ 35. Kg2 Qd5+ 0-1

[Event "4NCL/Div2d/BRI1 vs. WES1"]
[Site "Staverton Park ENG"]
[Date "2010.03.28"]
[Round "8.3"]
[White "Franklin, Michael"]
[Black "Simons, Martin J"]
[Result "1-0"]
[WhiteElo "2190"]
[BlackElo "2200"]
[PlyCount "85"]
[EventDate "2010.03.28"]
[SourceDate "2009.10.24"]

1. d4 c5 2. e3 g6 3. Nf3 Bg7 4. c3 Nf6 5. Nbd2 d6 6. Bc4 O-O 7. O-O Nbd7 8. Qe2
Qc7 9. h3 b6 10. e4 cxd4 11. cxd4 e5 12. dxe5 dxe5 13. b3 Nc5 14. Ba3 Nh5 15.
Rac1 Nf4 16. Qe3 Bh6 17. Kh1 Kg7 18. Qc3 f6 19. b4 Nce6 20. Qb3 Qd7 21. Rfd1
Nd4 22. Nxd4 Qxd4 23. Qf3 Bb7 24. Nf1 Qxe4 25. Rd7+ Kh8 26. Rxb7 Qxf3 27. gxf3
Nxh3 28. Rc2 Rac8 29. b5 Rfe8 30. Kg2 Nf4+ 31. Kh2 Ne6 32. Bb3 Rxc2 33. Bxc2
Nd4 34. Be4 Rc8 35. Be7 Bg7 36. a4 f5 37. Bd5 f4 38. Nd2 Nf5 39. Bb4 Bf8 40.
Bxf8 Rxf8 41. Ne4 Nh4 42. Ng5 h5 43. Rh7# 1-0

[Event "4NCL/Div2d/BRI1 vs. WES1"]
[Site "Staverton Park ENG"]
[Date "2010.03.28"]
[Round "8.4"]
[White "Lock, Gavin R"]
[Black "Rudd, Jack"]
[Result "1/2-1/2"]
[WhiteElo "2188"]
[BlackElo "2267"]
[PlyCount "102"]
[EventDate "2010.03.28"]
[SourceDate "2009.10.24"]

1. Nf3 Nc6 2. d4 d5 3. c4 Bg4 4. Nc3 e6 5. Bf4 Nf6 6. e3 Bd6 7. Bg5 Be7 8. h3
Bf5 9. Rc1 O-O 10. Be2 Ne4 11. Bxe7 Nxe7 12. O-O h6 13. cxd5 exd5 14. Ne5 Nxc3
15. Rxc3 c6 16. b4 a6 17. a4 Qd6 18. Qb3 Ng6 19. Nf3 Rfe8 20. Rfc1 Bd7 21. Bd3
Qf6 22. Qd1 Re7 23. Bxg6 fxg6 24. Ne5 Rf8 25. R3c2 Be8 26. Rb2 g5 27. Qg4 Qd6
28. Rc5 Re6 29. Rc3 Ref6 30. Rc5 Rf5 31. Qd1 h5 32. Rc3 R8f6 33. g4 hxg4 34.
hxg4 Rxe5 35. dxe5 Qxe5 36. Qd4 Qxd4 37. exd4 Rf4 38. Rd2 Rxg4+ 39. Rg3 Re4 40.
Re3 Rg4+ 41. Kh2 Kf8 42. f3 Rf4 43. Kg3 Bh5 44. Rh2 g6 45. Rd2 Kf7 46. Rdd3 Rf5
47. Re1 Rf4 48. Re5 Rh4 49. Re1 Rf4 50. Rc1 Ke6 51. Re1+ Kf7 1/2-1/2

[Event "4NCL/Div2d/BRI1 vs. WES1"]
[Site "Staverton Park ENG"]
[Date "2010.03.28"]
[Round "8.5"]
[White "Collier, David O"]
[Black "Neil, David R"]
[Result "1/2-1/2"]
[WhiteElo "2142"]
[BlackElo "2157"]
[PlyCount "70"]
[EventDate "2010.03.28"]
[SourceDate "2009.10.24"]

1. d4 Nf6 2. Bg5 c5 3. Bxf6 gxf6 4. d5 Qb6 5. Qc1 f5 6. e3 Bg7 7. c3 e6 8. dxe6
fxe6 9. Be2 d5 10. Bh5+ Ke7 11. Nd2 Bd7 12. Nh3 Nc6 13. Rb1 Ne5 14. O-O Bb5 15.
Rd1 Bf6 16. Nf4 Rhg8 17. Nf3 Rad8 18. b4 Nxf3+ 19. Bxf3 c4 20. g3 Rd6 21. Bg2
Ba4 22. Rd4 Be8 23. Rd1 Bf7 24. Rb2 Rgd8 25. Rbd2 Qc6 26. Bf3 e5 27. Ne2 Be6
28. Qc2 R6d7 29. Bg2 Rg8 30. a4 Kf7 31. a5 b5 32. f4 e4 33. Nd4 Qb7 34. Bh3
Bxd4 35. Rxd4 Kf6 1/2-1/2

[Event "4NCL/Div2d/BRI1 vs. WES1"]
[Site "Staverton Park ENG"]
[Date "2010.03.28"]
[Round "8.6"]
[White "Marsh, Roger DW"]
[Black "Dilleigh, Stephen P"]
[Result "1/2-1/2"]
[WhiteElo "2067"]
[BlackElo "2107"]
[PlyCount "61"]
[EventDate "2010.03.28"]
[SourceDate "2009.10.24"]

1. d4 Nf6 2. c4 g6 3. Nc3 Bg7 4. e4 d6 5. Be2 O-O 6. Bg5 Na6 7. Nf3 h6 8. Be3
Ng4 9. Bf4 e5 10. dxe5 dxe5 11. Qxd8 Rxd8 12. Bg3 Re8 13. h3 Nf6 14. Bxe5 Nxe4
15. Bxg7 Kxg7 16. Nxe4 Rxe4 17. Nd2 Re7 18. f4 Bf5 19. Kf2 Rd8 20. Nb3 Nb4 21.
Rad1 Rde8 22. Rd2 Be4 23. a3 Nc6 24. Bd1 b6 25. Re1 h5 26. h4 Kf6 27. c5 Rd8
28. Rxd8 Nxd8 29. cxb6 cxb6 30. Nd2 Bd5 31. Rxe7 1/2-1/2